Loading...
| Science - Other | 0 | 2 | 0 | 0 | 20 | 116 | 118.50 | 0 | 0 | 0.91 | 4.41 |
| Religion | 0 | 2 | 0 | 0 | 20 | 95 | 108.50 | 0 | 0 | 2.55 | 7.92 |
| History - World | 0 | 1 | 0 | 0 | 10 | 131 | 131.00 | 0 | 0 | 0.38 | 2.45 |
| Literature - British | 0 | 1 | 0 | 0 | 10 | 146 | 146.00 | 0 | 0 | 0.04 | 1.23 |
| Literature - World | 0 | 1 | 0 | 0 | 10 | 142 | 142.00 | 0 | 0 | 0.73 | 1.72 |
| Mythology | 0 | 1 | 0 | 0 | 10 | 137 | 137.00 | 0 | 0 | 0.24 | 3.51 |
| Current Events | 0 | 1 | 0 | 0 | 10 | 99 | 99.00 | 0 | 0 | 3.36 | 6.48 |
| History - Other | 0 | 1 | 0 | 0 | 10 | 119 | 119.00 | 0 | 0 | 0.58 | 2.45 |
| Science - Biology | 0 | 1 | 2 | 0 | 0 | 118 | 118.00 | 0 | 0 | 0.24 | 1.72 |
| Fine Arts - Painting & Sculpture | 0 | 0 | 0 | 0 | 0 | 0.00 | 0 | 0 | 0.00 | 0.00 | |
| Literature - European | 0 | 0 | 1 | 0 | -5 | 0.00 | 0 | 0 | 0.00 | 0.00 | |
| Social Science | 0 | 0 | 1 | 0 | -5 | 0.00 | 0 | 0 | 0.00 | 0.00 | |
| Science - Chemistry | 0 | 0 | 3 | 0 | -15 | 0.00 | 0 | 0 | 0.00 | 0.00 |